Child care law / (Record no. 4790)

MARC details
000 -LEADER
fixed length control field 00824nam a2200181Ia 4500
020 ## - INTERNATIONAL STANDARD BOOK NUMBER
ISBN 085121052X
020 ## - INTERNATIONAL STANDARD BOOK NUMBER
ISBN 9780851210520
050 ## - CALL NUMBER
Classification number KD750
Item number .H83
100 1# - AUTHOR
Personal name Howard, Hugh.
245 10 - TITLE
Title Child care law /
Statement of responsibility, etc Hugh Howard, Paul Tain.
260 ## - PUBLICATION INFORMATION
Place of publication London :
Name of publisher Longman,
Year of publication ©1993.
300 ## - DESCRIPTION
Number of Pages vi, 78 pages.
Other physical details illustrations ;
Dimensions 22cm.
505 ## - FORMATTED CONTENTS NOTE
Table of Content Basic Information; What sort of case is it?; Care and supervision orders; Protection of children; Procedure and evidence; Other areas; Useful publications and further reading; Other agencies and experts to ask for help; Sample letters and precedents..
650 #0 - SUBJECTS
Topical Term Children
General subdivision Legal status, laws, etc. -- Great Britain
650 #0 - SUBJECTS
Topical Term Child care -- Law and legislation -- Great Britain.
General subdivision Child care -- Law and legislation.
700 1# - OTHER AUTHORS
Personal name Tain, Paul.
942 ## - ADDED ENTRY ELEMENTS (KOHA)
Koha item type Books
Holdings
Withdrawn status Lost status Collection code Home library Current library Shelving location Date acquired Source of acquisition Full call number Accession Number Koha item type
    Reference Methodist University Law Library Methodist University Law Library General Stacks   Legon Book Shop KD750 .H83 5013 Books
    Reference Methodist University Law Library Methodist University Law Library General Stacks   Legon Book Shop KD750 .H83 5014 Books
Copyright © 2026  MUG Library